Quiz voiture: Marques de 4x4 #1 - Statistiques

Statistiques générales
  • Ce quiz a été pris 179 fois
  • Le résultat moyen est 15 sur 16
Statistiques - réponses
Par images Réponse % Correct
Audi
100%
BMW
100%
Jeep
100%
Mercedes
100%
Nissan
99%
GMC
98%
Chevrolet
97%
Dacia
97%
Lamborghini
95%
Mitsubishi
94%
Seat
92%
Suzuki
90%
Toyota
86%
Ford
85%
Land rover
82%
Lada
58%
Aucun quiz correspondant
Distribution des résultats
% des personnes avec chaque résultat
Percentile par nombre de réponses
Votre historique - résultats
Vous n’avez pas pris ce quiz